000 00402nam a2200181Ia 4500
001 2785
005 20260306144832.0
008 260306t1994||||xx |||||||||||||| ||spa||
041 _aESP
082 _a230
_bL54
100 _aLewis, C. S.
_eAUT
245 0 _aMero cristianismo
260 _c1994
300 _a178 páginas :
_c23 cm.
650 _aGEN
654 _aCHU
942 _cLIB
_dJUS
_fJUS
_2ddc
_n
999 _c2785
_d2785